[Event "Karpov GM"]
[Site "Singapore"]
[Date "1997.12.18"]
[Round "5"]
[White "Tu Hoang Thong"]
[Black "Handoko, Edhi"]
[Result "0-1"]
[WhiteElo "2475"]
[BlackElo "2470"]
[PlyCount "120"]
[EventDate "1997.??.??"]
[Source "www.chesslib.no"]
[SourceDate "2004.05.04"]

1. e4 e5 2. Nc3 Nc6 3. g3 Nf6 4. Bg2 Bc5 5. Nge2 O-O 6. O-O Re8 7. h3 Nd4 8. d3 c6 9. Kh2 d5 10. exd5 cxd5 11. Nxd4 Bxd4 12. Bg5 Be6 13. Bxf6 gxf6 14. f4 exf4 15. Rxf4 Be3 16. Rf1 d4 17. Ne2 Rc8 18. c4 b5 19. b3 bxc4 20. dxc4 d3 21. Nf4 d2 22. Nd5 Bxd5 23. Bxd5 Re5 24. Qg4+ Rg5 25. Qf3 Qe7 26. h4 Rg7 27. Qf5 Re8 28. Rad1 Qd6 29. Rf3 Kf8 30. Qxf6 Qxf6 31. Rxf6 Bd4 32. Rf3 Re2+ 33. Kh3 h5 34. Rd3 Be5 35. c5 f6 36. Bg2 Rg4 37. c6 Ke7 38. b4 f5 39. b5 f4 40. Bf1 Re3 41. R1xd2 Rgxg3+ 42. Kh2 Rg8 43. Kh1 Re1 44. Rf3 Kf6 45. Rd7 Rg4 46. Rxa7 Rc1 47. Rd7 Rxh4+ 48. Kg1 Kf5 49. a4 Kg4 50. Rfd3 f3 51. Rd1 Rxd1 52. Rxd1 Rh2 53. Bc4 Kg3 54. Bd5 Bc7 55. Bxf3 Bb6+ 56. Kf1 Rf2+ 57. Kg1 Rg2+ 58. Kf1 Rg1+ 59. Ke2 Rxd1 60. Bxh5 Ra1 0-1

[Event "YUG-chT"]
[Site "?"]
[Date "1996.??.??"]
[Round "?"]
[White "Todorovic Goran M"]
[Black "Radulski Julian"]
[Result "1-0"]
[WhiteElo "2470"]
[BlackElo "2470"]
[PlyCount "101"]
[EventDate "1996.??.??"]
[Source "www.chesslib.no"]
[SourceDate "2004.05.04"]

1. e4 e5 2. Nc3 Nc6 3. g3 Bc5 4. Bg2 a6 5. d3 d6 6. Nf3 Bg4 7. h3 Bh5 8. Be3 Nge7 9. Qd2 O-O 10. g4 Bg6 11. O-O-O Bb4 12. Nh4 Nd4 13. f4 f6 14. Qf2 Bf7 15. Nd5 Bc5 16. c3 Ne6 17. d4 Ba7 18. f5 Ng5 19. dxe5 Bxe3+ 20. Qxe3 Nxd5 21. exd5 dxe5 22. Nf3 Nxf3 23. Bxf3 Qd6 24. Rhg1 Rae8 25. Be4 Re7 26. Rd2 Be8 27. c4 b6 28. Kb1 Bf7 29. h4 Rd8 30. g5 Be8 31. h5 fxg5 32. Qxg5 h6 33. Qh4 Rf7 34. Rdg2 Kf8 35. Rg6 Qe7 36. Qxe7+ Kxe7 37. Rxg7 Rd6 38. b4 Rdf6 39. c5 bxc5 40. bxc5 Bd7 41. Rxf7+ Rxf7 42. Rf1 Kf6 43. c6 Be8 44. Kc2 Rg7 45. Rb1 Rg4 46. Rb8 Rxe4 47. Rxe8 Rd4 48. Rd8 e4 49. d6 Rc4+ 50. Kb3 Rxc6 51. Rf8+ 1-0

[Event "EU Ch U20"]
[Site "Holon"]
[Date "1995.??.??"]
[Round "8"]
[White "Finkel, Alexander"]
[Black "Czebe, Attila"]
[Result "1-0"]
[WhiteElo "2505"]
[BlackElo "2430"]
[PlyCount "57"]
[EventDate "1995.11.??"]
[Source "www.chesslib.no"]
[SourceDate "2004.05.04"]

1. e4 e5 2. Nc3 Nc6 3. g3 Bc5 4. Bg2 a6 5. d3 d6 6. Nf3 Nge7 7. O-O O-O 8. Be3 Bxe3 9. fxe3 f5 10. Qe2 fxe4 11. dxe4 h6 12. Nh4 Be6 13. Rxf8+ Qxf8 14. Rf1 Qe8 15. Nd5 Qd7 16. Qf3 Kh7 17. g4 Ng8 18. g5 Bg4 19. Qg3 hxg5 20. Nf5 Nh6 21. Nxh6 Kxh6 22. h4 Rh8 23. Bf3 Bxf3 24. Qxg5+ Kh7 25. Rxf3 Qe6 26. Rf6 gxf6 27. Nxf6+ Qxf6 28. Qxf6 Rg8+ 29. Kf2 1-0

[Event "Saitek US Masters"]
[Site "Hawaii"]
[Date "1998.??.??"]
[Round "1"]
[White "Rogers, Ian"]
[Black "Martinovsky, Eugene"]
[Result "1-0"]
[WhiteElo "2570"]
[BlackElo "2365"]
[PlyCount "97"]
[EventDate "1998.07.??"]
[Source "www.chesslib.no"]
[SourceDate "2004.05.04"]

1. e4 e5 2. Bc4 Nf6 3. d3 Bc5 4. Nc3 d6 5. Qf3 Nc6 6. Nge2 Bg4 7. Qg3 h5 8. Bg5 Na5 9. Bb3 Nxb3 10. axb3 c6 11. Qh4 Qe7 12. h3 Bd7 13. f4 O-O-O 14. Rf1 Rde8 15. O-O-O exf4 16. d4 Bb6 17. Nxf4 Bd8 18. Rde1 Qf8 19. e5 dxe5 20. dxe5 Nd5 21. Ncxd5 Bxg5 22. Qxg5 cxd5 23. Ng6 fxg6 24. Rxf8 Rhxf8 25. Qxg6 Bf5 26. Qd6 Be6 27. Rd1 Rf7 28. Rd3 Rc7 29. Rf3 Rc6 30. Qa3 a6 31. Qb4 Bd7 32. Rf8 Rce6 33. Qc5+ Bc6 34. Rxe8+ Rxe8 35. Qd6 Rd8 36. Qg6 d4 37. Qxh5 d3 38. cxd3 Rxd3 39. Qf5+ Rd7 40. e6 Re7 41. Qf8+ Re8 42. Qf7 g5 43. g3 Kd8 44. h4 gxh4 45. gxh4 Re7 46. Qf6 Be8 47. Kd2 Bc6 48. Kc3 b6 49. Kd4 1-0

[Event "ISL-ch"]
[Site "Akureyri"]
[Date "1997.09.16"]
[Round "7"]
[White "Thorhallsson, Gylfi"]
[Black "Hjartarson, Johann"]
[Result "0-1"]
[WhiteElo "2330"]
[BlackElo "2605"]
[PlyCount "63"]
[EventDate "1997.09.09"]
[Source "ChessBase"]
[SourceDate "1997.09.26"]

1. e4 e5 2. Nc3 Nc6 3. g3 Bc5 4. Bg2 d6 5. d3 Nge7 6. Nge2 Nd4 7. Be3 Nec6 8. h3 Nxe2 9. Nxe2 Bxe3 10. fxe3 Be6 11. Qd2 Ne7 12. O-O-O c6 13. Kb1 Qc7 14. d4 O-O 15. g4 b5 16. Ng3 a5 17. Nf5 Nc8 18. h4 Nb6 19. Qf2 a4 20. Bh3 Nc4 21. g5 Bxf5 22. exf5 exd4 23. exd4 Rfe8 24. f6 Re3 25. Bf5 a3 26. Bd3 Rae8 27. Rde1 R3e6 28. Rxe6 Rxe6 29. Bxc4 bxc4 30. Re1 Qb6 31. b3 Qxd4 32. c3 0-1

[Event "XIX Czech Chladek & Tintera A Open"]
[Site "Pardubice CEC"]
[Date "2008.07.23"]
[Round "6"]
[White "Paichadze, L."]
[Black "Warakomski, T."]
[Result "1/2-1/2"]
[WhiteElo "2426"]
[BlackElo "2502"]
[PlyCount "66"]
[EventDate "2008.07.18"]
[Source "www.chesslib.no"]
[SourceDate "2004.05.04"]

1. e4 g6 2. Nc3 Bg7 3. g3 e5 4. Bg2 Nc6 5. d3 d6 6. Nge2 Be6 7. Be3 Nd4 8. Qd2 Qd7 9. Bxd4 exd4 10. Nd5 Ne7 11. Ndf4 c5 12. Nxe6 fxe6 13. Bh3 O-O 14. O-O d5 15. Nf4 Bh6 16. Qe2 Bxf4 17. exd5 Nf5 18. dxe6 Qd6 19. gxf4 Rae8 20. Rae1 Rf6 21. Qe5 Rexe6 22. Qxd6 Rxd6 23. Bxf5 Rxf5 24. Re8+ Kg7 25. Re7+ Rf7 26. Rfe1 Rb6 27. b3 Rbf6 28. R1e4 Rxf4 29. Rxb7 Rxf2 30. Rxf7+ Rxf7 31. Re5 Rf5 32. Re7+ Rf7 33. Re5 Rf5 1/2-1/2

[Event "GEO team select"]
[Site "?"]
[Date "1999.11.??"]
[Round "?"]
[White "Gelashvili Tamaz"]
[Black "Gaprindashvili Valerian"]
[Result "1-0"]
[WhiteElo "2531"]
[BlackElo "2390"]
[PlyCount "81"]
[EventDate "1999.??.??"]
[Source "www.chesslib.no"]
[SourceDate "2004.05.04"]

1. g3 Nc6 2. Bg2 e5 3. e4 Nf6 4. Nc3 Bc5 5. h3 a6 6. d3 Nd4 7. Nge2 c6 8. O-O Ne6 9. Kh1 h5 10. f4 Ng4 11. f5 Nd4 12. Nxd4 Bxd4 13. Qe2 d6 14. Bf3 g6 15. Bxg4 hxg4 16. Qxg4 Bxc3 17. bxc3 Qe7 18. Kg2 Bd7 19. Qg5 gxf5 20. Qxe7+ Kxe7 21. exf5 f6 22. d4 c5 23. dxc5 dxc5 24. Be3 Bc6+ 25. Kh2 Be4 26. Rad1 b6 27. Rb1 Rab8 28. g4 Kd6 29. Rf2 Kc6 30. Kg3 Rh7 31. h4 Rbh8 32. h5 Rg8 33. h6 Rd7 34. Re1 Rgd8 35. g5 Rd1 36. Rxd1 Rxd1 37. gxf6 Rg1+ 38. Kh4 Rh1+ 39. Kg5 Rg1+ 40. Kh5 Bd5 41. h7 1-0

[Event "RUS-chT"]
[Site "Orel"]
[Date "1997.??.??"]
[Round "?"]
[White "Vorotnikov, Vladislav V"]
[Black "Belozerov, Andrei"]
[Result "1/2-1/2"]
[WhiteElo "2495"]
[BlackElo "2420"]
[PlyCount "81"]
[EventDate "1997.??.??"]
[Source "www.chesslib.no"]
[SourceDate "2004.05.04"]

1. e4 e5 2. d3 Nc6 3. Nc3 Nf6 4. g3 Bc5 5. Bg2 a6 6. Nf3 d6 7. O-O O-O 8. Be3 h6 9. h3 Be6 10. d4 exd4 11. Nxd4 Bxd4 12. Bxd4 Nxd4 13. Qxd4 c5 14. Qe3 Re8 15. Rad1 Qc7 16. Qf4 Rad8 17. g4 b5 18. Rfe1 b4 19. Ne2 Qa5 20. Nc1 c4 21. b3 Qe5 22. Qd2 a5 23. f4 Qc5+ 24. Qf2 Qxf2+ 25. Kxf2 cxb3 26. cxb3 g5 27. Ne2 gxf4 28. Nxf4 Kf8 29. e5 dxe5 30. Nxe6+ fxe6 31. Rxd8 Rxd8 32. Rxe5 Rd2+ 33. Re2 Rd6 34. Kg3 Ke7 35. Re5 Rd3+ 36. Kf2 Rd2+ 37. Re2 Rd3 38. Rc2 Kd6 39. Ke2 Rg3 40. Kf2 Rd3 41. Ke2 1/2-1/2

[Event "Tel Aviv-A"]
[Site "Tel Aviv"]
[Date "1989.??.??"]
[Round "3"]
[White "Hickl, Joerg"]
[Black "Bruk, Ofer"]
[Result "1-0"]
[WhiteElo "2500"]
[BlackElo "2415"]
[PlyCount "113"]
[EventDate "1989.04.??"]
[Source "www.chesslib.no"]
[SourceDate "2004.05.04"]

1. g3 g6 2. Bg2 Bg7 3. e4 e5 4. d3 d6 5. Nc3 Nc6 6. Be3 Be6 7. Qd2 Qd7 8. Nd5 Bxd5 9. exd5 Nce7 10. c4 Nf5 11. Ne2 Nxe3 12. fxe3 Ne7 13. Nc3 O-O 14. O-O-O a6 15. h4 h5 16. Bh3 f5 17. e4 Qe8 18. Kb1 Kh7 19. Rdf1 Rf6 20. Rf2 Qf7 21. Rhf1 Rf8 22. Qc2 Qe8 23. a3 Bh6 24. Qe2 Kg7 25. Rf3 R6f7 26. Qd1 fxe4 27. Nxe4 Rxf3 28. Rxf3 Rxf3 29. Qxf3 Qf7 30. Qh1 Nf5 31. g4 hxg4 32. Bxg4 b6 33. Ka2 a5 34. h5 Ne3 35. Be2 Nf5 36. hxg6 Qxg6 37. Qh3 Qf7 38. Bh5 Qf8 39. Qg2+ Kh8 40. Qg6 Ne7 41. Qe6 Ng8 42. Bf7 Bf4 43. Bxg8 Qxg8 44. Nf6 Qg6 45. Qe7 Bh6 46. Qd8+ Kg7 47. Ne8+ Kf7 48. Qd7+ Kf8 49. Nxc7 Qxd3 50. Qxd6+ Kg8 51. Qe6+ Kh7 52. d6 a4 53. Qd7+ Bg7 54. Qxa4 Qxd6 55. Qc2+ Kg8 56. Nd5 Qc5 57. Qe4 1-0

[Event "Brno"]
[Site "?"]
[Date "2006.07.07"]
[Round "9"]
[White "Jakubowski Krzysztof"]
[Black "Sosna Jan"]
[Result "1-0"]
[WhiteElo "2498"]
[BlackElo "2416"]
[PlyCount "97"]
[EventDate "2006.??.??"]
[Source "www.chesslib.no"]
[SourceDate "2004.05.04"]

1. e4 e5 2. Nc3 Bc5 3. Bc4 Nf6 4. d3 d6 5. f4 Nc6 6. f5 Nd4 7. g4 d5 8. exd5 b5 9. Nxb5 O-O 10. Nc3 Rb8 11. Kf1 c6 12. d6 Bxd6 13. Ne4 c5 14. Nh3 Nxg4 15. Qxg4 Bxf5 16. Qh5 Bg6 17. Qd1 Qh4 18. Nhf2 Be7 19. Ng3 Rb6 20. c3 Nb5 21. Qg4 Qf6 22. h4 h5 23. Nxh5 Qc6 24. Rg1 Kh7 25. Ng3 f5 26. Qh3 Nd6 27. h5 Be8 28. Qg2 Qd7 29. Nge4 Bf6 30. Ng5+ Kh8 31. Ne6 Rf7 32. Nxc5 Qc8 33. Bxf7 Bxf7 34. Bg5 Nc4 35. dxc4 Qxc5 36. Qa8+ Kh7 37. b3 Bxc4+ 38. bxc4 Qxc4+ 39. Kg2 Bxg5 40. Rab1 Be3 41. Rxb6 Bxb6 42. Qf3 Qf7 43. Re1 Qf6 44. Re2 e4 45. Nxe4 fxe4 46. Qxf6 gxf6 47. Rxe4 Kh6 48. Re6 Kxh5 49. Rxf6 1-0

[Event "Brno"]
[Site "?"]
[Date "2006.07.02"]
[Round "3"]
[White "Petr Martin"]
[Black "Kalod Radek"]
[Result "1/2-1/2"]
[WhiteElo "2416"]
[BlackElo "2495"]
[PlyCount "122"]
[EventDate "2006.??.??"]
[Source "www.chesslib.no"]
[SourceDate "2004.05.04"]

1. e4 e5 2. Bc4 Nf6 3. d3 Bc5 4. Nc3 d6 5. Na4 Be6 6. Nxc5 dxc5 7. Bxe6 fxe6 8. f4 Nc6 9. Nf3 O-O 10. fxe5 Ng4 11. Bg5 Qd7 12. Qd2 Nd4 13. O-O Rf7 14. h3 Nxf3+ 15. gxf3 Nxe5 16. f4 Qd4+ 17. Qf2 Nc6 18. Qxd4 Nxd4 19. Rf2 h6 20. c3 hxg5 21. cxd4 gxf4 22. dxc5 Rd8 23. Rd1 e5 24. Rg2 Rfd7 25. Rg5 Rxd3 26. Rxd3 Rxd3 27. Rxe5 Rd2 28. Re7 Rxb2 29. Rxc7 a5 30. e5 Re2 31. Rxb7 Rxe5 32. c6 Rc5 33. c7 Kh7 34. Kf2 Kh6 35. Kf3 Rc4 36. Kg4 g5 37. Ra7 Rc3 38. Ra6+ Kh7 39. Kxg5 Rxc7 40. Kg4 Rc4 41. Kg5 Ra4 42. Ra7+ Kg8 43. Kg6 Kf8 44. Rf7+ Kg8 45. Rg7+ Kf8 46. Rf7+ Kg8 47. Re7 Kf8 48. Re2 Rb4 49. Rf2 Kg8 50. Rf3 Ra4 51. a3 Rc4 52. Kf5 Kf7 53. h4 Rc5+ 54. Ke4 Ke6 55. Kd4 Rh5 56. Rxf4 Kd6 57. a4 Ke6 58. Ke4 Rh8 59. Rg4 Rb8 60. Rg6+ Kf7 61. Rd6 Rh8 1/2-1/2

[Event "Makarska"]
[Site "Makarska"]
[Date "1996.??.??"]
[Round "9"]
[White "Arapovic, Vitomir"]
[Black "Marciano, David"]
[Result "1/2-1/2"]
[WhiteElo "2415"]
[BlackElo "2495"]
[PlyCount "22"]
[EventDate "1996.06.??"]
[Source "www.chesslib.no"]
[SourceDate "2004.05.04"]

1. e4 e5 2. Nc3 Nc6 3. g3 Bc5 4. Bg2 a6 5. d3 d6 6. Nge2 Nge7 7. O-O O-O 8. Nd5 Nxd5 9. exd5 Ne7 10. d4 exd4 11. Nxd4 Nf5 1/2-1/2

[Event "Nordic-tt"]
[Site "Aabybro"]
[Date "1989.??.??"]
[Round "?"]
[White "Kristensen, Leif S"]
[Black "Hjartarson, Johann"]
[Result "1-0"]
[WhiteElo "2290"]
[BlackElo "2615"]
[PlyCount "83"]
[EventDate "1989.10.??"]
[Source "www.chesslib.no"]
[SourceDate "2004.05.04"]

1. e4 e5 2. Bc4 Nf6 3. d3 Bc5 4. Nc3 d6 5. Na4 Bg4 6. f3 Bh5 7. Nxc5 dxc5 8. Be3 Qd6 9. Qd2 Nc6 10. Ne2 Nd7 11. a4 f6 12. O-O g5 13. a5 Rf8 14. c3 Bf7 15. Bxf7+ Rxf7 16. d4 cxd4 17. cxd4 exd4 18. Nxd4 Nxd4 19. Qxd4 Qxd4 20. Bxd4 a6 21. Rad1 O-O-O 22. Bc3 Re8 23. Rd5 Re6 24. Rfd1 b5 25. axb6 cxb6 26. Kf2 a5 27. Kg3 Kc7 28. Kg4 Rc6 29. Kf5 Nf8 30. Be1 Ne6 31. h4 Nf8 32. Bg3+ Kb7 33. h5 Ka6 34. Rd6 Rc5+ 35. R1d5 Rc2 36. Rd2 Rc5+ 37. R2d5 Rc2 38. Rxf6 Rxf6+ 39. Kxf6 Rxg2 40. Be5 Rf2 41. f4 gxf4 42. Rd8 1-0

[Event "Baile Herculane zt"]
[Site "Baile Herculane"]
[Date "1982.??.??"]
[Round "17"]
[White "Ambroz, Jan"]
[Black "Lukacs, Peter"]
[Result "0-1"]
[WhiteElo "2430"]
[BlackElo "2470"]
[PlyCount "110"]
[EventDate "1982.01.??"]
[Source "ChessBase"]

1. e4 e5 2. Nc3 Nc6 3. g3 Bc5 4. Bg2 a6 5. Nge2 d6 6. Nd5 Nf6 7. O-O O-O 8. c3 Nxd5 9. exd5 Ne7 10. d4 exd4 11. cxd4 Bb6 12. h3 Bd7 13. a4 Re8 14. Ra3 Nf5 15. g4 Nh4 16. Bh1 Qf6 17. Re3 h5 18. g5 Qd8 19. Rxe8+ Qxe8 20. Ng3 Bxh3 21. Re1 Qd7 22. Qxh5 Ng6 23. Re4 Qc8 24. Bf3 Bd7 25. Bg4 Bxg4 26. Rxg4 Qe8 27. Be3 Qxa4 28. Nf5 Qd7 29. Nh4 Re8 30. Rg3 Nxh4 31. Qxh4 Qf5 32. Rh3 Kf8 33. Kh2 g6 34. Rg3 Ke7 35. Rg4 Kd7 36. Rf4 Qxd5 37. Qh7 Re7 38. Qg7 c6 39. Qf8 Bc7 40. Rh4 Re8 41. Qg7 Qf5 42. Kh1 d5 43. Rh7 Ke6 44. Rh4 a5 45. Kg2 a4 46. Bd2 b5 47. Rh7 Bd6 48. f3 Kd7 49. Qxf7+ Qxf7 50. Rxf7+ Re7 51. Rxe7+ Kxe7 52. Kh3 b4 53. Kg4 b3 54. Bc3 a3 55. bxa3 Bxa3 0-1

[Event "Gothenburg"]
[Site "Gothenburg"]
[Date "1971.??.??"]
[Round "9"]
[White "Bilek, Istvan"]
[Black "Jansson, Borje"]
[Result "1/2-1/2"]
[WhiteElo "2490"]
[BlackElo "2410"]
[PlyCount "36"]
[EventDate "1971.07.??"]
[Source "ChessBase"]

1. e4 d6 2. g3 g6 3. Bg2 Bg7 4. d3 e5 5. Nc3 Ne7 6. f4 O-O 7. Nf3 Nbc6 8. O-O exf4 9. Bxf4 h6 10. Be3 Kh7 11. d4 f5 12. Nh4 fxe4 13. Bxe4 Rxf1+ 14. Qxf1 d5 15. Bg2 Be6 16. Qd3 Qd7 17. Rf1 a6 18. a3 Re8 1/2-1/2

[Event "otb"]
[Site "otb"]
[Date "2007.05.06"]
[Round "5"]
[White "Bachin Vitaly"]
[Black "Olenin Nikolay"]
[Result "1-0"]
[WhiteElo "2489"]
[BlackElo "2409"]
[PlyCount "85"]
[Source "www.chesslib.no"]
[SourceDate "2004.05.04"]

1. e4 e5 2. Nc3 Nc6 3. g3 Bc5 4. Bg2 d6 5. Na4 Nge7 6. Nxc5 dxc5 7. d3 O-O 8. Be3 Qd6 9. Nf3 f5 10. exf5 Bxf5 11. Nd2 b6 12. O-O Qd7 13. Nc4 Bh3 14. Qd2 Bxg2 15. Kxg2 Nf5 16. f3 Rae8 17. Rae1 Qd5 18. Qd1 Ncd4 19. b3 Re6 20. Bc1 Nd6 21. Bb2 Rfe8 22. Kg1 Rf8 23. Kg2 Rfe8 24. Kg1 Nf7 25. Nd2 Rf8 26. Ne4 Nd6 27. Ng5 Ree8 28. c3 N4f5 29. c4 Qc6 30. Bxe5 h6 31. Nh3 Nf7 32. f4 Nxe5 33. fxe5 Qd7 34. Rf4 Nd4 35. Rxf8+ Rxf8 36. Nf4 g5 37. e6 Qe8 38. e7 Rf7 39. Qh5 gxf4 40. Qg6+ Kh8 41. Qxh6+ Kg8 42. Qg6+ Kh8 43. Qxf7 1-0

[Event "London Peace"]
[Site "London ENG"]
[Date "1987.??.??"]
[Round "?"]
[White "Littlewood, John E"]
[Black "Hebden, Mark L"]
[Result "0-1"]
[WhiteElo "2380"]
[BlackElo "2515"]
[PlyCount "126"]
[EventDate "1987.09.??"]
[Source "www.chesslib.no"]
[SourceDate "2004.05.04"]

1. e4 e5 2. d3 Nf6 3. Nc3 Nc6 4. Nf3 Be7 5. g3 d5 6. exd5 Nxd5 7. Bg2 Be6 8. O-O Qd7 9. Re1 f6 10. d4 Nxc3 11. bxc3 O-O-O 12. Qe2 Bd5 13. Rb1 e4 14. Nd2 f5 15. Bb2 Bxa2 16. Ra1 Bf7 17. f3 exf3 18. Nxf3 Bf6 19. Ne5 Bxe5 20. dxe5 Qe6 21. Ra4 Rhe8 22. c4 a6 23. Rb1 Rd7 24. Bc3 Red8 25. c5 Qe7 26. Be1 Rd5 27. e6 Qxe6 28. Qxe6+ Bxe6 29. Bxd5 Bxd5 30. Rh4 h6 31. Bc3 Rg8 32. Re1 Be4 33. g4 Bxc2 34. gxf5 Bxf5 35. Rh5 Bg4 36. Rd5 g6 37. Bd2 h5 38. Bg5 Bf5 39. Kf2 Nb4 40. Rd2 Nd3+ 41. Rxd3 Bxd3 42. Re7 Bb5 43. Kg3 Re8 44. Rg7 Re5 45. Rg8+ Kd7 46. Rg7+ Ke6 47. Bf4 Rxc5 48. Rxg6+ Kf7 49. Rh6 Bd3 50. h4 Bg6 51. Rh8 Rc3+ 52. Kf2 c5 53. Rc8 Be4 54. Be5 Rf3+ 55. Ke2 Rh3 56. Rxc5 Rxh4 57. Ke3 Bc6 58. Bc7 Rh1 59. Kf4 h4 60. Rh5 h3 61. Kf5 Rf1+ 62. Ke5 Bg2 63. Rh7+ Kg6 0-1

[Event "Wuerzburg Open"]
[Site "Wuerzburg"]
[Date "1992.??.??"]
[Round "?"]
[White "Vorotnikov, Vladislav V"]
[Black "Galdunts, Sergey"]
[Result "1/2-1/2"]
[WhiteElo "2430"]
[BlackElo "2465"]
[PlyCount "55"]
[EventDate "1992.??.??"]
[Source "www.chesslib.no"]
[SourceDate "2004.05.04"]

1. e4 e5 2. d3 Nf6 3. f4 d5 4. fxe5 Ng4 5. exd5 Nxe5 6. Nc3 Bb4 7. Nf3 Bg4 8. Be2 Qxd5 9. O-O Bxc3 10. bxc3 Bxf3 11. Bxf3 Nxf3+ 12. Qxf3 Qxf3 13. Rxf3 O-O 14. Bf4 Nd7 15. Re1 Rfe8 16. Rxe8+ Rxe8 17. Bxc7 Rc8 18. Bd6 Rxc3 19. Re3 Nf6 20. Re2 b5 21. Bb4 Rc8 22. c3 Nd5 23. Re5 Nxb4 24. cxb4 a6 25. a4 bxa4 26. Ra5 Kf8 27. Rxa6 Rc3 28. Rxa4 1/2-1/2

[Event "Budapest FS09 GM"]
[Site "Budapest HUN"]
[Date "1995.??.??"]
[Round "6"]
[White "Barczay, Laszlo"]
[Black "Lukacs, Peter"]
[Result "1/2-1/2"]
[WhiteElo "2400"]
[BlackElo "2490"]
[PlyCount "37"]
[EventDate "1995.09.??"]
[Source "www.chesslib.no"]
[SourceDate "2004.05.04"]

1. e4 e5 2. Nc3 Nc6 3. g3 Bc5 4. Bg2 a6 5. d3 d6 6. Be3 Bxe3 7. fxe3 Nge7 8. Qd2 O-O 9. Nf3 f6 10. Nh4 Be6 11. O-O g6 12. Rf2 Kg7 13. Raf1 Ng8 14. Nd5 Nb8 15. Qa5 b6 16. Qd2 c6 17. Nc3 Nh6 18. h3 Nd7 19. b3 1/2-1/2

[Event "Grossenbrode tt"]
[Site "Grossenbrode"]
[Date "1971.05.11"]
[Round "2"]
[White "Zwaig, Arne"]
[Black "Westerinen, Heikki M J"]
[Result "1-0"]
[WhiteElo "2440"]
[BlackElo "2450"]
[PlyCount "129"]
[EventDate "1971.05.09"]
[Source "www.chesslib.no"]
[SourceDate "2004.05.04"]

1. g3 g6 2. Bg2 Bg7 3. Nc3 e5 4. e4 d6 5. d3 Nf6 6. Nge2 Nbd7 7. O-O O-O 8. f4 exf4 9. Bxf4 Nc5 10. Qd2 Ne6 11. Bh6 Bxh6 12. Qxh6 Ng4 13. Qc1 c6 14. h3 Ne5 15. b3 Qb6+ 16. Kh2 Nd4 17. Nxd4 Qxd4 18. Ne2 Qb6 19. d4 Nd7 20. Qh6 Qd8 21. Rf4 Qe7 22. Rh4 f6 23. Nf4 g5 24. Ng6 Qg7 25. Nxf8 gxh4 26. Qxg7+ Kxg7 27. Ne6+ Kf7 28. Nf4 hxg3+ 29. Kxg3 b6 30. Bf1 Bb7 31. Bc4+ Ke7 32. Rg1 b5 33. Be6 Nf8 34. Bf5 Bc8 35. Kh2 d5 36. Rg7+ Kd6 37. Rf7 Bxf5 38. exf5 Nd7 39. Rxh7 a5 40. a3 a4 41. b4 Re8 42. Ne6 Nb6 43. Rf7 Nc4 44. Nc5 Re7 45. Rxf6+ Kc7 46. Rf8 Re2+ 47. Kg3 Re3+ 48. Kf4 Rxh3 49. Rf7+ Kc8 50. f6 Rh1 51. Rd7 Rf1+ 52. Kg5 Nxa3 53. f7 Nxc2 54. Re7 Nxd4 55. Re8+ Kc7 56. f8=Q Rxf8 57. Rxf8 Nc2 58. Rf7+ Kc8 59. Kf4 Kb8 60. Na6+ Ka8 61. Ke5 a3 62. Kd6 a2 63. Kxc6 Nxb4+ 64. Kb6 Nxa6 65. Ra7+ 1-0

[Event "Cappelle"]
[Site "Cappelle la Grande"]
[Date "1994.??.??"]
[Round "5"]
[White "Bauer, Christian"]
[Black "Apicella, Manuel"]
[Result "1-0"]
[WhiteElo "2420"]
[BlackElo "2465"]
[PlyCount "69"]
[EventDate "1994.07.??"]
[Source "ChessBase"]

1. g3 e5 2. Bg2 Nf6 3. e4 Nc6 4. Nc3 Bc5 5. Nf3 d6 6. h3 a6 7. O-O Be6 8. d3 Qd7 9. Ng5 O-O-O 10. Nd5 h6 11. Nxe6 fxe6 12. Ne3 g5 13. c3 Ba7 14. a4 Rdf8 15. b4 Ne7 16. b5 a5 17. Nc4 Ng6 18. Ba3 Bc5 19. Bxc5 dxc5 20. b6 c6 21. Nxa5 h5 22. Nc4 h4 23. a5 Kd8 24. g4 Ke7 25. a6 Ne8 26. Qd2 Kf6 27. Qe3 Nd6 28. Nxe5 Nxe5 29. f4 Nxg4 30. hxg4 gxf4 31. Rxf4+ Kg6 32. Raf1 Nf7 33. e5 bxa6 34. Rf6+ Kg7 35. Be4 1-0

[Event "JUG Team Ch"]
[Site "Cetinje"]
[Date "1993.??.??"]
[Round "7"]
[White "Marinkovic, Ivan"]
[Black "Tosic, Miroslav"]
[Result "1-0"]
[WhiteElo "2445"]
[BlackElo "2440"]
[PlyCount "83"]
[EventDate "1993.??.??"]
[Source "www.chesslib.no"]
[SourceDate "2004.05.04"]

1. e4 e5 2. Nc3 Nc6 3. g3 Bc5 4. Bg2 Nge7 5. Nf3 d6 6. Na4 O-O 7. O-O a6 8. Nxc5 dxc5 9. d3 f6 10. Be3 b6 11. c3 Bg4 12. h3 Bh5 13. g4 Bf7 14. d4 cxd4 15. cxd4 exd4 16. Nxd4 Nxd4 17. Qxd4 Qxd4 18. Bxd4 Rad8 19. Bc3 c5 20. f4 Ng6 21. a3 Rfe8 22. Rae1 Bc4 23. Rf2 Bb5 24. Kh2 Re7 25. e5 fxe5 26. f5 Nf8 27. Rxe5 Rxe5 28. Bxe5 Nd7 29. Rd2 Re8 30. Bd5+ Kh8 31. Bc7 h6 32. Be6 Nf8 33. Bd5 Nd7 34. b3 Nf6 35. Be6 h5 36. Bxb6 hxg4 37. hxg4 Nxg4+ 38. Kg3 Nh6 39. Bxc5 Kh7 40. Kf4 Bf1 41. Rd7 Ng8 42. Bd4 1-0

[Event "Budapest FS10 GM"]
[Site "Budapest"]
[Date "1994.??.??"]
[Round "3"]
[White "Shvartz, Miroslav"]
[Black "Lukacs, Peter"]
[Result "1/2-1/2"]
[WhiteElo "2395"]
[BlackElo "2490"]
[PlyCount "29"]
[EventDate "1994.10.??"]
[Source "ChessBase"]

1. e4 e5 2. Nc3 Nc6 3. g3 Bc5 4. Bg2 a6 5. d3 d6 6. Nge2 Nge7 7. O-O O-O 8. Kh1 f5 9. f4 Ba7 10. fxe5 Nxe5 11. d4 N5g6 12. Be3 fxe4 13. Rxf8+ Qxf8 14. Nxe4 Bh3 15. Bxh3 1/2-1/2

[Event "Budapest FS08 GM"]
[Site "Budapest"]
[Date "1997.08.10"]
[Round "9"]
[White "Turov, Maxim"]
[Black "Acs, Peter"]
[Result "1-0"]
[WhiteElo "2415"]
[BlackElo "2460"]
[PlyCount "65"]
[EventDate "1997.08.02"]
[Source "ChessBase"]
[SourceDate "1997.09.26"]

1. e4 e5 2. Nc3 Nc6 3. g3 Bc5 4. Bg2 h5 5. Nf3 d6 6. Na4 Nge7 7. d3 f6 8. O-O a6 9. Nxc5 dxc5 10. Be3 b6 11. a3 g5 12. Ne1 Ng6 13. b4 cxb4 14. axb4 h4 15. b5 Nd4 16. bxa6 Ne6 17. c3 Qe7 18. f3 hxg3 19. hxg3 Qg7 20. Kf2 Rh2 21. Rh1 Rxh1 22. Bxh1 Ra7 23. d4 Ngf4 24. d5 Nf8 25. Nd3 Nxd3+ 26. Qxd3 Nd7 27. Bg2 Nb8 28. d6 Rxa6 29. Rxa6 Nxa6 30. Qd5 Qf7 31. d7+ Qxd7 32. Qg8+ Ke7 33. Qg7+ 1-0

[Event "Troll Masters"]
[Site "Gausdal NOR"]
[Date "1991.??.??"]
[Round "1"]
[White "Bern, Ivar"]
[Black "Ernst, Thomas"]
[Result "0-1"]
[WhiteElo "2375"]
[BlackElo "2500"]
[PlyCount "94"]
[EventDate "1991.01.??"]
[Source "www.chesslib.no"]
[SourceDate "2004.05.04"]

1. e4 e5 2. Nc3 Nc6 3. g3 g6 4. Bg2 Bg7 5. Nge2 Nge7 6. O-O O-O 7. d3 d6 8. h3 Be6 9. Nd5 Qd7 10. Kh2 f5 11. c3 Rf7 12. f4 Raf8 13. Be3 a6 14. Qd2 Nd8 15. b3 c6 16. Nxe7+ Qxe7 17. Rae1 Qc7 18. c4 Bc8 19. fxe5 dxe5 20. exf5 Rxf5 21. Rxf5 Rxf5 22. d4 exd4 23. Nxd4 Rf7 24. Bf4 Qd7 25. Rd1 Bxd4 26. Qxd4 Qxd4 27. Rxd4 Ne6 28. Rd2 Nxf4 29. Rd8+ Rf8 30. Rxf8+ Kxf8 31. gxf4 c5 32. Be4 Kf7 33. Kg3 Kf6 34. h4 b6 35. Bc2 Bf5 36. Bd1 Bb1 37. a3 Kf5 38. Kf3 a5 39. Ke3 Be4 40. h5 gxh5 41. Bxh5 Bc2 42. Bf3 h6 43. Be2 Bxb3 44. Bd3+ Ke6 45. Ke4 h5 46. f5+ Kf6 47. Kd5 b5 0-1